| 000 | 00972cab a2200253 4500 | ||
|---|---|---|---|
| 001 | ABS55691 | ||
| 008 | 090401t1996 xxu||||| |||| 00| 0 eng d | ||
| 035 | _a(Sirsi) u18075 | ||
| 041 | _aeng | ||
| 100 | _aReid, G. | ||
| 245 | _aNew law working against the PFI | ||
| 260 | _c1996 | ||
| 350 | _a0 | ||
| 490 |
_aProperty Week _v56(6) 9 August 1996, 15(1) |
||
| 520 | _aInvestigates the impact of "Credit Suisse v Allerdale BC" and "Credit Suisse and others v Waltham Forest LBC" on local authorities participating in PFI initiatives; and interpreting local authority statutory powers under the Local Government Act 1972 s111 in guaranteeing loans. | ||
| 650 | _aCREDIT SUISSE AND OTHERS V WALTHAM FOREST LBC | ||
| 650 | _aCREDIT SUISSE V ALLERDALE BC | ||
| 650 | _aGUARANTEES | ||
| 650 | _aLOCAL AUTHORITIES (COMPANIES) ORDER 1995 | ||
| 650 | _aLOCAL AUTHORITIES | ||
| 690 | _aPROPERTY-PROPERTY FINANCE AND INVESTMENT | ||
| 942 | _n0 | ||
| 948 | _c04/03/1997 | ||
| 999 |
_c11987 _d11987 |
||